Loading...
| Science - Other Science | 0 | 3 | 0 | 0 | 30 | 35 | 69.00 | 2 | 3 |
| Science - Physics | 0 | 2 | 0 | 1 | 20 | 75 | 90.50 | 0 | 1 |
| History - World History | 0 | 2 | 0 | 1 | 20 | 66 | 87.00 | 0 | 0 |
| Social Science | 0 | 2 | 0 | 0 | 20 | 27 | 62.00 | 1 | 1 |
| Fine Arts - Classical Music | 0 | 1 | 0 | 0 | 10 | 93 | 93.00 | 0 | 0 |
| Mythology | 0 | 1 | 0 | 0 | 10 | 27 | 27.00 | 1 | 1 |
| Science - Biology | 0 | 1 | 0 | 0 | 10 | 102 | 102.00 | 0 | 1 |
| Science - Chemistry | 0 | 1 | 0 | 0 | 10 | 109 | 109.00 | 0 | 0 |
| Literature - American Literature | 0 | 1 | 0 | 0 | 10 | 92 | 92.00 | 0 | 0 |
| Fine Arts - Other Fine Arts | 0 | 1 | 0 | 0 | 10 | 77 | 77.00 | 0 | 1 |
| Geography/Current Events | 0 | 1 | 0 | 0 | 10 | 91 | 91.00 | 0 | 0 |
| History - American History | 0 | 1 | 0 | 1 | 10 | 120 | 120.00 | 0 | 0 |
| Fine Arts - Visual Fine Arts | 0 | 1 | 1 | 0 | 5 | 94 | 94.00 | 0 | 1 |
| Pop Culture | 0 | 0 | 1 | 0 | -5 | 0.00 | 0 | 0 | |
| History - Other History | 0 | 0 | 1 | 0 | -5 | 0.00 | 0 | 0 |